000 01513nam a2200277 a 4500
001 000004316
003 OCoLC
005 20200929151426.0
008 081212s2005 dr a 000 0 spa d
020 _z9993445037
040 _aDO-SdBNP
_bspa
_cBNPHU
082 _a461
_bG216o, 2005
100 1 _aGarcía Molina, Bartolo
_96
245 1 0 _aOrtografía inferencial y operativa /
_cBartolo García Molina ; prólogo Mírian Gutiérrez Pérez ; revisión y corrección Ramón Morel Félix ; corrección didáctica y de estilo Míriam Gutiérrez.
250 _a8a ed. corr. y actualizada
260 _aSanto Domingo :
_bSurco,
_c2005.
300 _a240 p. ;
_c21 cm.
505 0 _aPrólogo -- Introducción -- Orígines de la faltas ortográficas -- La acentuación -- Uso de las mayúsculas -- Inferencias sobre B-V -- Inferencias sobre G -- Inferencias sobre S-C-Z -- Inferencias sobre LL-Y -- Inferencias sobre la H -- Inferencias sobre la X -- Los nombre propios -- Ortografía sintagmática (la concordancia) -- Los verbos irregulares -- Ortografía sintagmática (los signos de puntuación) -- Temas teóricos prácticos de ortografía -- Autoevaluación general -- Bibliografía.
504 _aBibliografía : p. 241-243
590 _aInventariado, 2018/LP
650 4 _aEspañol
_xOrtografía
_91453
650 4 _aEspañol
_xOrtografía
_xEnseñanza
_91228
700 1 2 _aGutiérrez Pérez, Mírian,
_epról.
_912739
700 1 2 _aMorel Félix, Ramón
_9410
910 _aValidado. Control de calidad MMOLINA
999 _c4125
_d4125